00253nam a2200109Ia 4500100002000000650002500020366000700045245004400052260002700096082000800123546001200131 aMathew/Shirley  aCommunication skills f15 aProfessional communication and ethics-I bNirali prakashanc2020 bMAT aENGLISH